Структурно-фазовое состояние Al-Si сплавов при модифицировании нанодисперсным порошком W; Перспективы развития фундаментальных наук; Т. 1 : Физика
| Parent link: | Перспективы развития фундаментальных наук=Prospects of Fundamental Sciences Development: сборник научных трудов XIV Международной конференции студентов, аспирантов и молодых ученых, г. Томск, 25-28 апреля 2017 г./ Национальный исследовательский Томский политехнический университет (ТПУ) ; под ред. И. А. Курзиной, Г. А. Вороновой.— , 2017 Т. 1 : Физика.— 2017.— [С. 425-437] |
|---|---|
| Hlavní autor: | |
| Další autoři: | , |
| Shrnutí: | Заглавие с экрана The studies of the phase-composition of Al-Si alloys subjected to modification by wolfram nanopowder during casting have been undertaken. The content of nanopowder W in an amount of 0.1 mass. % in melt silumins leads to a change of the dendrite aluminium sizes, as well as by the morphology change and the reduction of sizes of Fe-bearing phases. |
| Jazyk: | ruština |
| Vydáno: |
2017
|
| Témata: | |
| On-line přístup: | http://earchive.tpu.ru/handle/11683/44189 |
| Médium: | MixedMaterials Elektronický zdroj Kapitola |
| KOHA link: | https://koha.lib.tpu.ru/cgi-bin/koha/opac-detail.pl?biblionumber=624432 |
MARC
| LEADER | 00000naa2a2200000 4500 | ||
|---|---|---|---|
| 001 | 624432 | ||
| 005 | 20231101133319.0 | ||
| 035 | |a (RuTPU)RU\TPU\conf\23692 | ||
| 035 | |a RU\TPU\conf\23690 | ||
| 090 | |a 624432 | ||
| 100 | |a 20171122d2017 k y0rusy50 ca | ||
| 101 | 0 | |a rus |d eng | |
| 102 | |a RU | ||
| 105 | |a y z 100zy | ||
| 135 | |a drcn ---uucaa | ||
| 181 | 0 | |a i | |
| 182 | 0 | |a b | |
| 200 | 1 | |a Структурно-фазовое состояние Al-Si сплавов при модифицировании нанодисперсным порошком W |d Phase composition of Al-Si alloys subjected to modification by W nanopowders |f А. В. Чумаевский, Н. В. Мартюшев |g науч. рук. А. П. Зыкова | |
| 203 | |a Текст |c электронный | ||
| 230 | |a 1 компьютерный файл (pdf; 616 Kb) | ||
| 300 | |a Заглавие с экрана | ||
| 320 | |a [Библиогр.: с. 437 (7 назв.)] | ||
| 330 | |a The studies of the phase-composition of Al-Si alloys subjected to modification by wolfram nanopowder during casting have been undertaken. The content of nanopowder W in an amount of 0.1 mass. % in melt silumins leads to a change of the dendrite aluminium sizes, as well as by the morphology change and the reduction of sizes of Fe-bearing phases. | ||
| 461 | 1 | |0 (RuTPU)RU\TPU\conf\21388 |t Перспективы развития фундаментальных наук |l Prospects of Fundamental Sciences Development |o сборник научных трудов XIV Международной конференции студентов, аспирантов и молодых ученых, г. Томск, 25-28 апреля 2017 г. |o в 7 т. |f Национальный исследовательский Томский политехнический университет (ТПУ) ; под ред. И. А. Курзиной, Г. А. Вороновой |d 2017 | |
| 463 | 1 | |0 (RuTPU)RU\TPU\conf\21389 |t Т. 1 : Физика |v [С. 425-437] |d 2017 | |
| 510 | 1 | |a Phase composition of Al-Si alloys subjected to modification by W nanopowders |z eng | |
| 610 | 1 | |a электронный ресурс | |
| 610 | 1 | |a силумины | |
| 610 | 1 | |a нанодисперсные частицы | |
| 610 | 1 | |a ультрадисперсные порошки | |
| 610 | 1 | |a нанопорошки | |
| 610 | 1 | |a сплавы | |
| 700 | 1 | |a Чумаевский |b А. В. | |
| 701 | 1 | |a Мартюшев |b Н. В. | |
| 702 | 1 | |a Зыкова |b А. П. |4 727 | |
| 801 | 2 | |a RU |b 63413507 |c 20171204 |g RCR | |
| 856 | 4 | |u http://earchive.tpu.ru/handle/11683/44189 | |
| 942 | |c BK | ||